| 000 | 00919cam a2200205 i 4500 | ||
|---|---|---|---|
| 005 | 20251210113309.0 | ||
| 008 | 250721s1996 su gr 000 0 ara d | ||
| 082 | 1 | 4 |
_a216.25 _bع ي ن |
| 100 | 1 |
_aأبو العينين، أبي عبد الله أحمد بن إبراهيم _eمؤلف. |
|
| 245 | 1 | 2 |
_aالمينحة في أحكام الحج والعمرة من الكتاب والسنة الصحيحة / _cتأليف أبي عبدالله أحمد بن إبراهيم بن أبي العينين ؛ راجعه وقدم له أبو عبدالله مصطفى العدوي. |
| 250 | _aالطبعة الأولى. | ||
| 264 | 3 | 1 |
_bدار إبن عفان، _c1996. |
| 300 | _a312 صفحة. | ||
| 650 | 1 | 7 | _aالحج. |
| 650 | 1 | 7 | _aالعمرة. |
| 650 | 1 | 7 | _aالفقه الإسلامي. |
| 700 | 1 |
_aالعدوي، أبو عبدالله مصطفى _eمقدم. |
|
| 942 |
_2ddc _cBK |
||
| 999 |
_c66797 _d66797 |
||